00400nam a22001217a 450000500170000002000190001703500330003603700130006910000250008224500990010726000480020630000240025420180803125110.0 a8176488682c00 aB-216460 ,B-216457, B-216465 aDPLbENG aKhan, Sarfaraz Ahmed aLok adalat : bAn effective alternative dispute resolution mechanism /cby Sarfaraz Ahmed Khan aNew DelhibAPH Publishing Corporationc2006 axii, 137p.c24 cms.